Văn phạm tiếng Pháp cho mọi người = La grammaire pour tous

שמור ב:
מידע ביבליוגרפי
פורמט: ספר
שפה:Undetermined
יצא לאור: Tp. Hồ Chí Minh Trẻ 1995
נושאים:
תגים: הוספת תג
אין תגיות, היה/י הראשונ/ה לתייג את הרשומה!
Thư viện lưu trữ: Trung tâm Học liệu Trường Đại học Cần Thơ
LEADER 00515nam a2200181Ia 4500
001 CTU_5027
008 210402s9999 xx 000 0 und d
082 |a 445 
082 |b V115 
245 0 |a Văn phạm tiếng Pháp cho mọi người = 
245 0 |b La grammaire pour tous 
245 0 |c Nguyễn Thành Thống 
260 |a Tp. Hồ Chí Minh 
260 |b Trẻ 
260 |c 1995 
650 |a French language 
650 |x Grammar 
980 |a Trung tâm Học liệu Trường Đại học Cần Thơ